Match the Artist - Statistics

General Stats
  • This quiz has been taken 61 times
  • The average score is 11 of 16
Answer Stats
Picture Answer % Correct
Bruno mars
95%
Taylor swift
95%
Justin Bieber
90%
The weeknd
90%
Pitbull
88%
Post malone
88%
Miley cyrus
83%
Cardi b
81%
Shawn mendes
74%
Mgk
69%
Childish gambino
67%
Jason derulo
66%
Zayn
50%
Kid cudi
38%
Ludacris
38%
Kali uchis
24%
No matching quizzes found
Score Distribution
Percent of People with Each Score
Percentile by Number Answered
Your Score History
You have not taken this quiz